2021 NBA Points Per Games Average - Statistics

General Stats
  • This quiz has been taken 73 times
    34 since last reset
  • The average score is 6 of 10
Answer Stats
PPG Player % Correct
32.0 Stephen Curry
97%
28.5 Joel Embiid
91%
31.3 Bradley Beal
82%
27.7 Luka Doncic
76%
28.1 Giannis Antetokounmpo
70%
28.8 Damian Lillard
64%
27.4 Zach Lavine
55%
27.0 Zion Williamson
30%
26.4 Jayson Taum
0%
26.9 Kyrie Iving
0%
No matching quizzes found
Score Distribution
Percent of People with Each Score
Percentile by Number Answered
Your Score History
You have not taken this quiz since the last reset